[Event "Pardubice blitz op"]
[Site "Pardubice"]
[Date "2020.08.02"]
[Round "5.3"]
[White "Olsarova, Karolina"]
[Black "Polak, Tomas"]
[Result "0-1"]
[WhiteElo "2286"]
[BlackElo "2563"]
[PlyCount "116"]
[EventDate "2020.08.02"]
[EventType "swiss (blitz)"]
[EventRounds "9"]
[EventCountry "CZE"]
[SourceTitle "CBM 197 Extra"]
[Source "ChessBase"]
[SourceDate "2020.09.30"]
[SourceVersion "1"]
[SourceVersionDate "2020.09.30"]
[SourceQuality "1"]

1. e4 c6 2. d4 d5 3. Nd2 dxe4 4. Nxe4 Bf5 5. Ng3 Bg6 6. h4 h6 7. Nf3 Nd7 8. h5 Bh7 9. Bd3 Bxd3 10. Qxd3 Ngf6 11. Bf4 Qa5+ 12. Bd2 Qc7 13. 0-0-0 e6 14. Ne4 Bd6 15. g3 b5 16. Kb1 a5 17. Nxd6+ Qxd6 18. Bf4 Qd5 19. Be5 a4 20. a3 Rd8 21. Bc7 Rc8 22. Ba5 0-0 23. Bb4 Rfe8 24. Qe2 Qf5 25. Ne5 Nxe5 26. dxe5 Nd5 27. Bd6 Red8 28. f4 Rd7 29. Rd4 Rb7 30. g4 Qh7 31. Rf1 c5 32. Rdd1 Rc6 33. f5 Rc8 34. Qf3 Kh8 35. Rf2 b4 36. axb4 cxb4 37. Rxd5 exd5 38. Qxd5 Rd7 39. Qb5 Rdd8 40. Qxa4 f6 41. Rf1 fxe5 42. Bxe5 Qg8 43. Qxb4 Qd5 44. Qf4 Qc6 45. Bc3 Rf8 46. f6 Kg8 47. Qf3 Qc4 48. f7+ Rxf7 49. Qxf7+ Qxf7 50. Rxf7 Kxf7 51. Be5 Rc4 52. b3 Rxg4 53. c4 Rg5 54. Bd6 Rxh5 55. c5 Ke6 56. Kc2 Kd5 57. Bf8 g5 58. Kd3 Rh3+ 0-1

[Event "Pardubice blitz op"]
[Site "Pardubice"]
[Date "2020.08.02"]
[Round "7.4"]
[White "Olsarova, Karolina"]
[Black "Worek, Joanna"]
[Result "0-1"]
[WhiteElo "2286"]
[BlackElo "2326"]
[PlyCount "144"]
[EventDate "2020.08.02"]
[EventType "swiss (blitz)"]
[EventRounds "9"]
[EventCountry "CZE"]
[SourceTitle "CBM 197 Extra"]
[Source "ChessBase"]
[SourceDate "2020.09.30"]
[SourceVersion "1"]
[SourceVersionDate "2020.09.30"]
[SourceQuality "1"]

1. e4 c5 2. Nf3 Nc6 3. Bb5 g6 4. Bxc6 dxc6 5. d3 Bg7 6. h3 e5 7. Be3 b6 8. Qd2 h6 9. Qc3 Qc7 10. Bf4 f6 11. Be3 Ne7 12. a3 Be6 13. b4 cxb4 14. axb4 0-0 15. 0-0 Kh7 16. Na3 f5 17. Kh2 f4 18. Bc1 g5 19. Nc4 Ng6 20. Bb2 g4 21. hxg4 Bxg4 22. Ncd2 Bf6 23. Rh1 Rg8 24. Kg1 Rgc8 25. Nh2 Be6 26. Nhf3 c5 27. bxc5 Qxc5 28. Qxc5 Rxc5 29. c4 a5 30. Kf1 Rd8 31. Ke2 Bg4 32. Rhd1 Rc6 33. Nf1 Rcd6 34. N1h2 Bh5 35. g4 fxg3 36. fxg3 Bxf3+ 37. Nxf3 Rc8 38. Ke3 Re6 39. Bc3 Nf8 40. Rdb1 Nd7 41. Rb5 Rg8 42. Kf2 Nc5 43. Rd1 Rd8 44. Rd2 a4 45. Ke3 Red6 46. Bxe5 Rxd3+ 47. Rxd3 Rxd3+ 48. Ke2 Bxe5 49. Nxe5 Rxg3 50. Rxb6 Nxe4 51. Ra6 a3 52. Nf3 a2 53. Ke3 Nc3 54. Kf4 Rg7 55. Nd4 Rg1 56. Nc2 Rc1 57. Ra7+ Kg6 58. Ra6+ Kf7 59. Ra7+ Ke8 60. Ke5 Rxc2 61. Kd6 Rd2+ 62. Ke6 Re2+ 63. Kd6 h5 64. Ra8+ Kf7 65. c5 h4 66. c6 h3 67. Ra7+ Kf6 68. Ra6 Re6+ 69. Kd7 Re7+ 70. Kd8 Re6 71. c7 Rxa6 72. c8Q a1Q 0-1